LEADER 01501cam0-2200493---450- 001 990000063630203316 005 20090603121858.0 010 $aL. 65000 035 $a0006363 035 $aUSA010006363 035 $a(ALEPH)000006363USA01 035 $a0006363 100 $a20000914d1999----|||y0itay0103----ba 101 0 $aita 102 $aIT 105 $a||||||||001yy 200 1 $aAutonomia contrattuale e garanzie personali$fAlfredo Calderale 210 $aBari$cCacucci$d1999 215 $aXVIII, 637 p.$d25 cm 300 $aSegue: Appendici 610 $aFideiussione$aDiritto comparato 610 $aGaranzia personale$aDiritto comparato 676 $a346.074$v20 700 1$aCALDERALE,$bAlfredo$0231387 801 $aIT$bSALBC$gISBD 912 $a990000063630203316 951 $aXXIX.1.C 47 (IG XX 95)$b24709 G.$cXXIX.1.C 47 (IG XX)$d00001279 959 $aBK 979 $c20000914$lUSA01$h1729 979 $c20001019$lUSA01$h1055 979 $c20001019$lUSA01$h1453 979 $c20001019$lUSA01$h1500 979 $c20001019$lUSA01$h1538 979 $c20001024$lUSA01$h1514 979 $c20001027$lUSA01$h1518 979 $c20001027$lUSA01$h1522 979 $c20001110$lUSA01$h1709 979 $c20001124$lUSA01$h1207 979 $c20020403$lUSA01$h1614 979 $aPATRY$b90$c20040406$lUSA01$h1605 979 $aRSIAV2$b90$c20090603$lUSA01$h1218 996 $aAutonomia contrattuale e garanzie personali$91490627 997 $aUNISA bas $agiu